| 000 | 00563nam a2200193 4500 | ||
|---|---|---|---|
| 003 | Ost | ||
| 005 | 20260601193909.0 | ||
| 008 | 260521b |||||||| |||| 00| 0 spa d | ||
| 040 |
_aICI _bspa _cICI _erda |
||
| 050 |
_aN6550 _b.P39 |
||
| 100 |
_aOctavio Paz _eautor _934769 |
||
| 245 |
_aEcos y reflejos _bObras maestras en los museos de ciudad de México |
||
| 264 |
_aMéxico _bThe Metropolitan Museum of Art _c1991 |
||
| 300 | _a16 páginas | ||
| 336 |
_2rdacontent _atexto |
||
| 337 |
_2rdamedia _asin medio |
||
| 338 |
_2rdacarrier _avolumen |
||
| 942 |
_2lcc _n1 _cB |
||
| 999 |
_c22494 _d22494 |
||